000 00408nam a22001457a 4500
003 OSt
008 240828b |||||||| |||| 00| 0 eng d
020 _a9789380829661
082 _a509.54
_bANA
100 _aDhirenderanath Banerjee (Ed.)
245 _aAncient Indian Scientific Thought and Modern Theories: An Overview
260 _aDelhi:
_bDK Print World,
_c2017.
300 _avii,96p.
942 _2ddc
_cBK
999 _c12848
_d12848